Kabale University Library Catalogue

Normal view MARC view
  • Agricultural development

Entry Topical Term

Number of records used in: 2

001 - CONTROL NUMBER

  • control field: 15783

003 - CONTROL NUMBER IDENTIFIER

  • control field: OSt

005 - DATE AND TIME OF LATEST TRANSACTION

  • control field: 20260408210252.0

008 - FIXED-LENGTH DATA ELEMENTS

  • fixed length control field: 260408|| aca||aabn | a|a d

040 ## - CATALOGING SOURCE

  • Original cataloging agency: OSt
  • Transcribing agency: OSt

150 ## - HEADING--TOPICAL TERM

  • Topical term or geographic name entry element: Agricultural development

670 ## - SOURCE DATA FOUND

  • Source citation: Work cat.: (OSt)6204: Mellor, John W. 15781, Agricultural development and economic transformation :, c2017

Kabale University Library | Kabale University P.O Box 317, Kabale, Uganda
Tel : +256754017033, +256774661503 E-mail : library@kab.ac.ug